000 00423nam a22001697a 4500
003 MPLRDC
005 20220104142348.0
008 210129b ||||| |||| 00| 0 eng d
082 _a857.63 CKL v.180 c.2
100 _a岑凯伦
245 _a谁来爱我
_c
250 _a初版
260 _a
_b环球图书杂志出版社
_c1991
300 _b
650 _a短篇小说--别集
942 _cBK
_o857.63 CKL v.180 c.2
999 _c30207
_d30197